Practices of Human Resource Management in Light of Cranet Empirical Research 2015–2016

Vývoj a história manažmentu ľudských zdrojov v Maďarsku a na Slovensku. Zistenie dôležitosti zdôrazniť vo svetle empirických údajov najdôležitejšie medzníky tohto vývoja v oboch krajinách.

Saved in:
Bibliographic Details
Main Author: Blštáková, Jana, 1980-
Other Authors: Mártonné, Karoliny, Csapó, Ildikó, Szobi, Ádám, Poór, József
Format: Book Chapter
Language:English
Subjects:
Tags: Add Tag
No Tags, Be the first to tag this record!

MARC

LEADER 00000nla a2200000 4500
001 0247982
005 20240502083702.9
041 0 |a eng 
044 |a PL 
245 1 0 |a Practices of Human Resource Management in Light of Cranet Empirical Research 2015–2016  |c Jana Blštáková, Karoly Martonne, Adám Csapó, Jozsef Szobi, József Poór 
520 |a Vývoj a história manažmentu ľudských zdrojov v Maďarsku a na Slovensku. Zistenie dôležitosti zdôrazniť vo svetle empirických údajov najdôležitejšie medzníky tohto vývoja v oboch krajinách. 
610 2 0 |a zdroje ľudské 
610 2 0 |a manažment personálny 
610 2 0 |a personalistika 
610 2 0 |a vývoj 
610 2 0 |a história 
610 2 0 |a Maďarsko 
610 2 0 |a Slovensko 
610 2 0 |a analýza empirická 
100 1 |a Blštáková, Jana, 1980- 
700 1 |a Mártonné, Karoliny 
700 1 |a Csapó, Ildikó 
700 1 |a Szobi, Ádám 
700 1 |a Poór, József